000 00470nam a2200157Ia 4500
005 20250508155452.0
008 008 250505s9999 xx 000 0 eng d
037 _aBooks to be hide in OPAC
040 _aFEDL
_beng
_cFEDL
041 _aeng
_2eng
084 _a370.709 73, CON
_qFEDL
245 0 _aSymposium on James Bryant conant's the education of American teachers
300 _a45p.
942 _cHB
_h370.709 73, CON
999 _c1357111
_d1357111